000 00669nam a2200253Ia 4500
003 OSt
005 20220918163512.0
006 a|||||r|||| 00| 0
007 ta
008 220917b |||||||| |||| 00| 0 eng d
020 _a0060118938
024 _a22,327
037 _cTextual
040 _aARTS
_cARTS
_beng
041 _2eng
_aeng
082 _aO111,3M35:g, L3
100 _aHill Hamlin
_913463
245 0 _aMark Twain
_b god's fool Hamlin Hill
260 _aNew York
_bHarper & row USA
_c1973
300 _a308p.
_ccm.
650 _aENGLISH LITERATURE
942 _hO111,3M35:g, L3
_cTEXL
_2CC
999 _c119870
_d119870